书目信息 |
| 题名: |
注册岩土工程师执业资格考试专业考试考题十讲
|
|
| 作者: | 李广信 编 | |
| 分册: | ||
| 出版信息: | 北京 人民交通出版社 2014 |
|
| 页数: | 131页 | |
| 开本: | 26cm | |
| 丛书名: | ||
| 单 册: | ||
| 中图分类: | TU4 | |
| 科图分类: | ||
| 主题词: | 岩土工程--资格考试--自学参考资料 , 岩土工程 | |
| 电子资源: | ||
| ISBN: | 978-7-114-11342-0 | |
| 000 | 00951nam0 2200241 450 | |
| 001 | 141891 | |
| 005 | 20141111143915.40 | |
| 010 | @a978-7-114-11342-0@dCNY 30.00 | |
| 100 | @a20140606d2014 em y0chiy50 ea | |
| 101 | 0 | @achi |
| 102 | @aCN@b110000 | |
| 105 | @aa z 000yy | |
| 200 | 1 | @a注册岩土工程师执业资格考试专业考试考题十讲@9zhu ce yan tu gong cheng shi zhi ye zi ge kao shi zhuan ye kao shi kao ti shi jiang@b专著@f李广信编 |
| 210 | @a北京@c人民交通出版社@d2014 | |
| 215 | @a131页@c图@d26cm | |
| 300 | @a2014全国勘察设计注册工程师执业资格考试用书 | |
| 330 | @a本书以专题讲座的形式解析注册岩土工程师考试的命题特点和解题规律。本书共十讲:中规中矩,曲径通幽,小心陷阱,另辟蹊径,难而不繁,分清敌我,重要数式,最大概率,一仆二主,百密一疏。 | |
| 606 | 0 | @a岩土工程@x资格考试@j自学参考资料 |
| 606 | 0 | @a岩土工程 |
| 690 | @aTU4@v5 | |
| 701 | 0 | @a李广信@9li guang xin@f(1941~)@4编 |
| 801 | 0 | @aCN@bZL@c20141111 |
| 905 | @a241430@dTU4@eL160 | |
| 注册岩土工程师执业资格考试专业考试考题十讲/李广信编.-北京:人民交通出版社,2014 |
| 131页:图;26cm |
| 2014全国勘察设计注册工程师执业资格考试用书 |
| ISBN 978-7-114-11342-0:CNY 30.00 |
| 本书以专题讲座的形式解析注册岩土工程师考试的命题特点和解题规律。本书共十讲:中规中矩,曲径通幽,小心陷阱,另辟蹊径,难而不繁,分清敌我,重要数式,最大概率,一仆二主,百密一疏。 |
| ● |
| 相关链接 |
|
|
|
正题名:注册岩土工程师执业资格考试专业考试考题十
索取号:TU4/L160
 
预约/预借
| 序号 | 登录号 | 条形码 | 馆藏地/架位号 | 状态 | 备注 |
| 1 | 0839289 | 208392899 | 建筑库101/101建筑库 92排3列3层/ [索取号:TU4/L160] | 在馆 | |
| 2 | 0839290 | 208392906 | 建筑库101/101建筑库 92排3列3层/ [索取号:TU4/L160] | 在馆 | |
| 3 | 0839291 | 208392915 | 建筑库101/101建筑库 92排3列3层/ [索取号:TU4/L160] | 在馆 |